书目信息 |
| 题名: |
传统材料 当代建构
|
|
| 作者: | 郑小东 著 | |
| 分册: | ||
| 出版信息: | 北京 清华大学出版社 2014 |
|
| 页数: | 167页 | |
| 开本: | 26cm | |
| 丛书名: | ||
| 单 册: | ||
| 中图分类: | TU5 | |
| 科图分类: | ||
| 主题词: | 建筑材料 , 建筑材料--研究 | |
| 电子资源: | ||
| ISBN: | 978-7-302-33815-4 | |
| 000 | 00933nam0 2200241 450 | |
| 001 | 141553 | |
| 005 | 20141111103713.57 | |
| 010 | @a978-7-302-33815-4@dCNY 35.00 | |
| 100 | @a20140504d2014 em y0chiy50 ea | |
| 101 | 0 | @achi |
| 102 | @aCN@b110000 | |
| 105 | @aa z 000yy | |
| 200 | 1 | @a传统材料 当代建构@9chuan tong cai liao dang dai jian gou@b专著@dTraditional materials contemporary tectonics@f郑小东著@zeng |
| 210 | @a北京@c清华大学出版社@d2014 | |
| 215 | @a167页@c图@d26cm | |
| 330 | @a本书从传统材料的结构属性、表面属性和文化属性三个方面展开分析与讨论,通过对大量实际案例的研究,对传统材料的当代使用策略进行了总结,并从当代中国的实际情况出发,对传统材料的当代建构进行深层次反思。 | |
| 510 | 1 | @aTraditional materials contemporary tectonics@zeng |
| 606 | 0 | @a建筑材料 |
| 606 | 0 | @a建筑材料@x研究 |
| 690 | @aTU5@v5 | |
| 701 | 0 | @a郑小东@9zheng xiao dong@f(1977~)@4著 |
| 801 | 0 | @c20141111 |
| 905 | @a241430@dTU5@eZ450 | |
| 传统材料 当代建构=Traditional materials contemporary tectonics/郑小东著.-北京:清华大学出版社,2014 |
| 167页:图;26cm |
| ISBN 978-7-302-33815-4:CNY 35.00 |
| 本书从传统材料的结构属性、表面属性和文化属性三个方面展开分析与讨论,通过对大量实际案例的研究,对传统材料的当代使用策略进行了总结,并从当代中国的实际情况出发,对传统材料的当代建构进行深层次反思。 |
| ● |
| 相关链接 |
|
|
|
正题名:传统材料 当代建构
索取号:TU5/Z450
 
预约/预借
| 序号 | 登录号 | 条形码 | 馆藏地/架位号 | 状态 | 备注 |
| 1 | 0838275 | 208382757 | 建筑库201/201建筑库 3排2列5层/ [索取号:TU5/Z450] | 在馆 | |
| 2 | 0838276 | 208382766 | 建筑库201/201建筑库 3排2列5层/ [索取号:TU5/Z450] | 在馆 | |
| 3 | 0838277 | 208382775 | 建筑库201/201建筑库 3排2列5层/ [索取号:TU5/Z450] | 在馆 |